[Event "PRO League Stage"]
[Site "Chess.com INT"]
[Date "2017.02.15"]
[Round "6"]
[White "O'Cinneide, Mel"]
[Black "Van der Lende, Ilias"]
[Result "0-1"]
[WhiteElo "2227"]
[BlackElo "2315"]
[PlyCount "112"]
[EventDate "2017.01.11"]
[EventType "team-swiss (rapid)"]
[EventRounds "7"]
[EventCountry "USA"]
[SourceTitle "CBM 176 Extra"]
[Source "ChessBase"]
[SourceDate "2017.03.02"]
[SourceVersion "1"]
[SourceVersionDate "2017.03.02"]
[SourceQuality "1"]
[WhiteTeam "Dublin Desperados"]
[BlackTeam "Amsterdam Mosquitos"]
[WhiteTeamCountry "IRQ"]
[BlackTeamCountry "NED"]

1. Nf3 d5 2. c4 e6 3. g3 Nf6 4. Bg2 dxc4 5. 0-0 c5 6. Na3 a6 7. Nxc4 b5 8. Nfe5 Ra7 9. Nc6 Nxc6 10. Bxc6+ Bd7 11. Ne5 Rc7 12. Bg2 Bd6 13. Nxd7 Qxd7 14. a4 0-0 15. d3 Nd5 16. Bd2 Be5 17. Qc2 Rfc8 18. Bc3 Nxc3 19. bxc3 b4 20. Qb3 Bxc3 21. Rac1 a5 22. Rfd1 g6 23. h4 h5 24. Bf3 Qd4 25. Kg2 c4 26. dxc4 Qxc4 27. Qxc4 Rxc4 28. Bb7 R8c7 29. Ba6 R4c5 30. Rd8+ Kg7 31. Rb8 Rd5 32. Bd3 Rdc5 33. Kf3 Kf6 34. Rb6 Ke5 35. Rd1 Bd4 36. e3 Bc3 37. Ke2 Rd5 38. Bc2 Rxd1 39. Bxd1 Rd7 40. Rb5+ Kf6 41. Bb3 Rd2+ 42. Kf3 Rb2 43. Bc4 Be1 44. Rxa5 Rxf2+ 45. Ke4 Rc2 46. Bd3 Rc3 47. Rb5 Ra3 48. a5 Bxg3 49. a6 Rxa6 50. Rxb4 Ra3 51. Bb5 Bxh4 52. Kf3 Bg5 53. Rd4 Bxe3 54. Rd3 Rxd3 55. Bxd3 Ba7 56. Be4 g5 0-1

[Event "PRO League Stage"]
[Site "Chess.com INT"]
[Date "2017.02.11"]
[Round "5"]
[White "Sargissian, Gabriel"]
[Black "O'Cinneide, Mel"]
[Result "1-0"]
[WhiteElo "2667"]
[BlackElo "2227"]
[PlyCount "67"]
[EventDate "2017.01.11"]
[EventType "team-swiss (rapid)"]
[EventRounds "7"]
[EventCountry "USA"]
[SourceTitle "CBM 176 Extra"]
[Source "ChessBase"]
[SourceDate "2017.03.02"]
[SourceVersion "1"]
[SourceVersionDate "2017.03.02"]
[SourceQuality "1"]
[WhiteTeam "Seattle Sluggers"]
[BlackTeam "Dublin Desperados"]
[WhiteTeamCountry "USA"]
[BlackTeamCountry "IRQ"]

1. d4 e6 2. c4 Nf6 3. Nc3 Bb4 4. Nf3 c5 5. g3 cxd4 6. Nxd4 0-0 7. Bg2 d5 8. Qb3 Bxc3+ 9. bxc3 Nc6 10. cxd5 Nxd5 11. Nxc6 bxc6 12. c4 Nb6 13. Ba3 Re8 14. Bxc6 Ba6 15. Rd1 Qc7 16. Bxe8 Rxe8 17. c5 Nd5 18. Qa4 Qc8 19. Rd2 Bb7 20. 0-0 e5 21. Rfd1 Bc6 22. Qb3 Nf6 23. Rd6 Ne4 24. Rxc6 Qxc6 25. Qd5 Qa4 26. Qd7 Qxd7 27. Rxd7 Rc8 28. c6 h5 29. c7 Kh7 30. Rxf7 Kg6 31. Rd7 Nf6 32. Re7 Nd5 33. Rxe5 Nf6 34. Bd6 1-0

[Event "IRL-ch"]
[Site "Dublin"]
[Date "2014.07.11"]
[Round "7"]
[White "O'Cinneide, Mel"]
[Black "O'Connell, Gerard"]
[Result "1-0"]
[WhiteElo "2227"]
[BlackElo "2132"]
[PlyCount "51"]
[EventDate "2014.07.05"]
[EventType "swiss"]
[EventRounds "9"]
[EventCountry "IRL"]
[SourceTitle "CBM 161 Extra"]
[Source "ChessBase"]
[SourceDate "2014.08.29"]
[SourceVersion "1"]
[SourceVersionDate "2014.08.29"]
[SourceQuality "1"]

1. Nf3 Nf6 2. c4 g6 3. Nc3 d5 4. cxd5 Nxd5 5. Qa4+ Bd7 6. Qh4 e6 7. Nxd5 exd5 8. Qd4 f6 9. Qxd5 Nc6 10. e3 Qe7 11. Qb3 0-0-0 12. Be2 g5 13. h3 h5 14. d4 Be6 15. Bc4 Bf5 16. Bd2 Be4 17. 0-0-0 Rh7 18. Bc3 Kb8 19. Ba6 b6 20. Bd3 Bxd3 21. Rxd3 Qe4 22. Rdd1 g4 23. hxg4 hxg4 24. Rxh7 Qxh7 25. d5 Ne7 26. Nd4 1-0

[Event "IRL-ch"]
[Site "Dublin"]
[Date "2014.07.09"]
[Round "5"]
[White "O'Cinneide, Mel"]
[Black "Butler, Kevin J"]
[Result "1-0"]
[WhiteElo "2227"]
[BlackElo "2026"]
[PlyCount "53"]
[EventDate "2014.07.05"]
[EventType "swiss"]
[EventRounds "9"]
[EventCountry "IRL"]
[SourceTitle "CBM 161 Extra"]
[Source "ChessBase"]
[SourceDate "2014.08.29"]
[SourceVersion "1"]
[SourceVersionDate "2014.08.29"]
[SourceQuality "1"]

1. Nf3 Nf6 2. c4 g6 3. Nc3 Bg7 4. e4 d6 5. d4 0-0 6. Be2 e5 7. 0-0 Nc6 8. d5 Ne7 9. b4 Nh5 10. Re1 f5 11. Ng5 Nf6 12. Bf3 c6 13. Bb2 h6 14. Ne6 Bxe6 15. dxe6 fxe4 16. Nxe4 Nxe4 17. Rxe4 d5 18. cxd5 cxd5 19. Rxe5 Bxe5 20. Bxe5 Rf5 21. Bb2 Qb6 22. Qd2 Rd8 23. Bd4 Qc7 24. Qxh6 Re5 25. h4 Qd6 26. Bg4 Re8 27. g3 1-0

[Event "IRL-ch"]
[Site "Dublin"]
[Date "2014.07.08"]
[Round "4"]
[White "O'Donnell, Conor"]
[Black "O'Cinneide, Mel"]
[Result "1-0"]
[WhiteElo "2122"]
[BlackElo "2227"]
[PlyCount "103"]
[EventDate "2014.07.05"]
[EventType "swiss"]
[EventRounds "9"]
[EventCountry "IRL"]
[SourceTitle "CBM 161 Extra"]
[Source "ChessBase"]
[SourceDate "2014.08.29"]
[SourceVersion "1"]
[SourceVersionDate "2014.08.29"]
[SourceQuality "1"]

1. e4 e6 2. d4 d5 3. Nc3 Bb4 4. e5 c5 5. a3 Bxc3+ 6. bxc3 Ne7 7. Qg4 0-0 8. Bd3 Nbc6 9. Qh5 Ng6 10. Nf3 Qc7 11. Ng5 h6 12. Nxf7 Qxf7 13. Qxg6 Qxg6 14. Bxg6 cxd4 15. cxd4 Nxd4 16. Be3 Nc6 17. f4 Bd7 18. 0-0 b6 19. Bd3 Rac8 20. g4 Be8 21. Kg2 Rc7 22. Rae1 h5 23. h3 Rcf7 24. Bd2 Re7 25. Kg3 Bd7 26. Re3 Rc8 27. Rf2 Be8 28. Re1 Bf7 29. Bc3 Be8 30. f5 exf5 31. gxf5 d4 32. Bc4+ Kh7 33. f6 Rxe5 34. Bd3+ Kg8 35. Bc4+ Kh7 36. Bd3+ Bg6 37. Rxe5 Nxe5 38. Bxd4 gxf6 39. Bxe5 fxe5 40. Rf7+ Kh6 41. Rf6 Rg8 42. Kh4 Rg7 43. a4 Rg8 44. Re6 Rg7 45. c4 Rg8 46. Be4 Rg7 47. Rc6 Rg8 48. Rd6 Rg7 49. a5 bxa5 50. c5 a4 51. c6 a3 52. c7 1-0

[Event "Cork op"]
[Site "Cork"]
[Date "2014.03.29"]
[Round "2"]
[White "O'Cinneide, Mel"]
[Black "Jones, Gawain C B"]
[Result "0-1"]
[WhiteElo "2239"]
[BlackElo "2651"]
[PlyCount "71"]
[EventDate "2014.03.28"]
[EventType "swiss"]
[EventRounds "6"]
[EventCountry "IRL"]
[SourceTitle "CBM 159 Extra"]
[Source "ChessBase"]
[SourceDate "2014.04.24"]
[SourceVersion "1"]
[SourceVersionDate "2014.04.24"]
[SourceQuality "1"]

1. c4 Nf6 2. Nc3 g6 3. e4 d6 4. d4 Bg7 5. Be2 0-0 6. Nf3 e5 7. 0-0 Nbd7 8. Be3 Qe7 9. d5 c5 10. Ne1 Kh8 11. a3 Ng8 12. b4 b6 13. Nd3 f5 14. Rb1 Bh6 15. bxc5 bxc5 16. Qa4 Ndf6 17. Bxh6 Nxh6 18. Bf3 fxe4 19. Nxe4 Nf5 20. Ndxc5 Nd4 21. Ne6 Bxe6 22. dxe6 Nxf3+ 23. gxf3 Qxe6 24. Qc6 Nxe4 25. Qxe4 Rac8 26. Rfd1 Rf4 27. Qd5 Qf5 28. Qxd6 Rxf3 29. Rb8 Rxb8 30. Qxb8+ Kg7 31. Qxa7+ Kh6 32. Qd7 Qg5+ 33. Kh1 Rxf2 34. Qh3+ Kg7 35. Rd7+ Kf8 36. Rd1 0-1

[Event "IRL-ch"]
[Site "Limerick"]
[Date "2013.07.07"]
[Round "2"]
[White "Quinn, Ciaran"]
[Black "O'Cinneide, Mel"]
[Result "0-1"]
[WhiteElo "2104"]
[BlackElo "2225"]
[PlyCount "84"]
[EventDate "2013.07.06"]
[EventType "swiss"]
[EventRounds "9"]
[EventCountry "IRL"]
[SourceTitle "EXT 2014"]
[Source "ChessBase"]
[SourceDate "2013.11.20"]
[SourceVersion "1"]
[SourceVersionDate "2013.11.20"]
[SourceQuality "1"]

1. d4 Nf6 2. c4 e6 3. Nf3 Bb4+ 4. Nc3 b6 5. Qc2 Bb7 6. a3 Bxc3+ 7. Qxc3 Ne4 8. Qc2 f5 9. e3 0-0 10. Bd3 d6 11. 0-0 Nd7 12. Nd2 Qh4 13. f3 Ng5 14. e4 f4 15. Nb3 Rf6 16. Qf2 Qh5 17. h4 Nf7 18. Bd2 c5 19. e5 dxe5 20. dxc5 e4 21. Bxe4 Bxe4 22. fxe4 bxc5 23. Bc3 Nfe5 24. Rad1 Ng4 25. Qf3 Rf7 26. e5 Rb8 27. Nd2 Qxh4 28. Qh3 Qxh3 29. gxh3 Ne3 30. Ne4 Nxd1 31. Rxd1 h6 32. b4 cxb4 33. axb4 Nb6 34. Nd6 Rc7 35. Rd4 g5 36. Bd2 a6 37. Kf2 Nc8 38. Ne4 Ne7 39. Nd6 Nc6 40. Rd3 Nxe5 41. Rd4 Rd8 42. b5 Nxc4 0-1

[Event "Hoogeveen Essent op"]
[Site "Hoogeveen"]
[Date "2004.10.22"]
[Round "8"]
[White "Boersma, Jan"]
[Black "O'Cinneide, Mel"]
[Result "0-1"]
[WhiteElo "2221"]
[BlackElo "2268"]
[PlyCount "28"]
[EventDate "2004.10.15"]
[EventType "swiss"]
[EventRounds "9"]
[EventCountry "NED"]
[SourceTitle "CBM 102 Extra"]
[Source "ChessBase"]
[SourceDate "2004.11.03"]
[SourceVersion "1"]
[SourceVersionDate "2004.11.03"]
[SourceQuality "1"]

1. e4 e6 2. d4 d5 3. Nc3 Bb4 4. exd5 exd5 5. Bd3 Nc6 6. a3 Ba5 7. Be3 Nge7 8. Qh5 Be6 9. Nge2 Qd7 10. h3 Bf5 11. 0-0-0 g6 12. Bxf5 Nxf5 13. Qf3 Nxe3 14. Qf6 Qf5 0-1

[Event "Hoogeveen Essent op"]
[Site "Hoogeveen"]
[Date "2004.10.17"]
[Round "3"]
[White "O'Cinneide, Mel"]
[Black "Groenewold, Jan Joris"]
[Result "1-0"]
[WhiteElo "2268"]
[BlackElo "2159"]
[PlyCount "97"]
[EventDate "2004.10.15"]
[EventType "swiss"]
[EventRounds "9"]
[EventCountry "NED"]
[SourceTitle "CBM 102 Extra"]
[Source "ChessBase"]
[SourceDate "2004.11.03"]
[SourceVersion "1"]
[SourceVersionDate "2004.11.03"]
[SourceQuality "1"]

1. c4 f5 2. g3 Nf6 3. Nf3 g6 4. Bg2 Bg7 5. 0-0 0-0 6. d4 d6 7. Nc3 c6 8. b3 d5 9. Bf4 Be6 10. c5 h6 11. b4 Nbd7 12. a4 Bf7 13. Ne5 g5 14. Nxf7 Rxf7 15. Bd2 e5 16. dxe5 Nxe5 17. f4 Nc4 18. fxg5 Nxd2 19. Qxd2 Ne4 20. Nxe4 dxe4 21. Qa2 Qxg5 22. Rad1 Kf8 23. Bh3 Rd8 24. Qe6 Re8 25. Qxf7+ Kxf7 26. Rxf5+ Qxf5 27. Bxf5 Kf6 28. g4 Re7 29. Kf2 Kg5 30. Rd6 Kf4 31. e3+ Ke5 32. Rd4 Kf6 33. Rxe4 Rxe4 34. Bxe4 Ke5 35. Bf5 Bf8 36. Kf3 a5 37. bxa5 Bxc5 38. Bc8 b5 39. axb6 Bxb6 40. h4 Bd8 41. g5 hxg5 42. h5 Kf6 43. Ke4 Bb6 44. Kd3 Ke5 45. e4 c5 46. Kc4 Kxe4 47. h6 Bc7 48. h7 Be5 49. a5 1-0

[Event "Aosta op 12th"]
[Site "Saint Vincent"]
[Date "2004.02.15"]
[Round "9"]
[White "O'Cinneide, Mel"]
[Black "Klinova, Masha"]
[Result "1-0"]
[WhiteElo "2256"]
[BlackElo "2366"]
[PlyCount "73"]
[EventDate "2004.02.08"]
[EventType "swiss"]
[EventRounds "9"]
[EventCountry "ITA"]
[SourceTitle "CBM 098 Extra"]
[Source "ChessBase"]
[SourceDate "2004.03.10"]
[SourceVersion "2"]
[SourceVersionDate "2004.03.10"]
[SourceQuality "1"]

1. Nf3 Nf6 2. c4 g6 3. Nc3 Bg7 4. e4 d6 5. d4 0-0 6. Be2 e5 7. 0-0 Nc6 8. d5 Ne7 9. b4 a5 10. Ba3 Nd7 11. bxa5 Nc5 12. Bxc5 dxc5 13. Nd2 Rxa5 14. Nb3 Ra8 15. Nxc5 b6 16. Nb3 f5 17. a4 fxe4 18. Nxe4 Nf5 19. a5 Nd4 20. Bd3 Nxb3 21. Qxb3 bxa5 22. c5 Kh8 23. Ra4 Bf5 24. Rfa1 Rb8 25. Qc4 Rb2 26. Rxa5 Bxe4 27. Bxe4 Rbxf2 28. Ra8 Qf6 29. d6 cxd6 30. c6 d5 31. Bxd5 Rf4 32. Rxf8+ Bxf8 33. Qc3 e4 34. Qxf6+ Rxf6 35. c7 Bc5+ 36. Kh1 Rf8 37. Be6 1-0

[Event "Aosta op 12th"]
[Site "Saint Vincent"]
[Date "2004.02.11"]
[Round "5"]
[White "O'Cinneide, Mel"]
[Black "Contin, Daniel"]
[Result "0-1"]
[WhiteElo "2256"]
[BlackElo "2394"]
[PlyCount "100"]
[EventDate "2004.02.08"]
[EventType "swiss"]
[EventRounds "9"]
[EventCountry "ITA"]
[SourceTitle "CBM 098 Extra"]
[Source "ChessBase"]
[SourceDate "2004.03.10"]
[SourceVersion "2"]
[SourceVersionDate "2004.03.10"]
[SourceQuality "1"]

1. Nf3 Nf6 2. c4 c5 3. Nc3 b6 4. g3 Bb7 5. Bg2 g6 6. 0-0 Bg7 7. e3 0-0 8. d4 cxd4 9. exd4 Ne4 10. Nxe4 Bxe4 11. Re1 d5 12. Bf4 Nc6 13. Rc1 Rc8 14. b3 Nb4 15. cxd5 Qxd5 16. Qe2 Rxc1 17. Bxc1 Bxf3 18. Bxf3 Qxd4 19. Ba3 e6 20. Rd1 Qc5 21. Rd7 a5 22. Qe4 Qc3 23. Kg2 Be5 24. Qh4 Bf6 25. Qe4 Rb8 26. Bxb4 axb4 27. Qf4 Rc8 28. Bb7 Rf8 29. h4 Be5 30. Qf3 Qc5 31. Qd3 b5 32. Qe4 Bb8 33. Qc6 Qe5 34. Ba6 Qb2 35. Bxb5 Qxa2 36. Bc4 Ba7 37. Qf3 Qa5 38. Qf6 Qb6 39. Bxe6 Qc6+ 40. Kh2 Qxe6 41. Qxe6 fxe6 42. Rxa7 Rxf2+ 43. Kh3 Rf3 44. Re7 Re3 45. Kg4 e5 46. Rb7 Rxb3 47. Rb5 e4 48. Re5 h5+ 49. Kf4 Rf3+ 50. Kg5 Rf5+ 0-1

[Event "Biel MTO op"]
[Site "Biel"]
[Date "2003.07.22"]
[Round "2"]
[White "Kritz, Leonid"]
[Black "O'Cinneide, Mel"]
[Result "1-0"]
[WhiteElo "2522"]
[BlackElo "2258"]
[PlyCount "45"]
[EventDate "2003.07.19"]
[EventType "swiss"]
[EventRounds "11"]
[EventCountry "SUI"]
[SourceTitle "CBM 095 Extra"]
[Source "ChessBase"]
[SourceDate "2003.09.04"]
[SourceVersion "1"]
[SourceVersionDate "2003.09.04"]
[SourceQuality "1"]

1. e4 e6 2. d4 d5 3. Nc3 Nf6 4. e5 Nfd7 5. f4 c5 6. Nf3 Nc6 7. Be3 cxd4 8. Nxd4 Bc5 9. Qd2 0-0 10. 0-0-0 a6 11. Qf2 Nxd4 12. Bxd4 Qc7 13. Bd3 b5 14. Qh4 g6 15. Ne2 b4 16. Qh6 a5 17. h4 Bxd4 18. Nxd4 Rd8 19. h5 Nf8 20. Qg5 Ba6 21. Bxa6 Rxa6 22. Qf6 Nd7 23. Qe7 1-0

[Event "IRL-ch"]
[Site "Dublin"]
[Date "2003.07.10"]
[Round "6"]
[White "Orr, Mark JL"]
[Black "O'Cinneide, Mel"]
[Result "1-0"]
[WhiteElo "2346"]
[BlackElo "2258"]
[PlyCount "57"]
[EventDate "2003.07.05"]
[EventType "swiss"]
[EventRounds "9"]
[EventCountry "IRL"]
[SourceTitle "CBM 095 Extra"]
[Source "ChessBase"]
[SourceDate "2003.09.04"]
[SourceVersion "1"]
[SourceVersionDate "2003.09.04"]
[SourceQuality "1"]

1. e4 e6 2. d4 d5 3. Nc3 Nf6 4. e5 Nfd7 5. f4 c5 6. Nf3 Nc6 7. Be3 cxd4 8. Nxd4 Bc5 9. Qd2 a6 10. 0-0-0 0-0 11. Kb1 Nxd4 12. Bxd4 b5 13. h4 b4 14. Na4 Bxd4 15. Qxd4 a5 16. Bb5 Rb8 17. Bd3 Qc7 18. h5 Qc6 19. b3 Ba6 20. Bxa6 Qxa6 21. f5 Rbc8 22. Rd2 Kh8 23. g4 Rc7 24. g5 Qa7 25. Qf4 Nc5 26. h6 gxh6 27. fxe6 f5 28. exf6 Nxe6 29. Qe5 1-0

[Event "IRL-ch"]
[Site "Dublin"]
[Date "2003.07.09"]
[Round "5"]
[White "Kennedy, John"]
[Black "O'Cinneide, Mel"]
[Result "0-1"]
[WhiteElo "2041"]
[BlackElo "2258"]
[PlyCount "66"]
[EventDate "2003.07.05"]
[EventType "swiss"]
[EventRounds "9"]
[EventCountry "IRL"]
[SourceTitle "CBM 095 Extra"]
[Source "ChessBase"]
[SourceDate "2003.09.04"]
[SourceVersion "1"]
[SourceVersionDate "2003.09.04"]
[SourceQuality "1"]

1. Nf3 Nf6 2. g3 d5 3. Bg2 Bf5 4. 0-0 e6 5. d3 h6 6. Nbd2 Be7 7. e3 0-0 8. Qe2 c5 9. Re1 Nc6 10. b3 Qc7 11. Bb2 Rfd8 12. Nh4 Bh7 13. f4 b5 14. Ndf3 Rac8 15. Ne5 Nxe5 16. Bxe5 Qb6 17. Kh1 c4 18. bxc4 bxc4 19. e4 Qa5 20. exd5 cxd3 21. cxd3 Nxd5 22. Be4 Nf6 23. Bxh7+ Kxh7 24. d4 Nd7 25. Qe4+ Kg8 26. f5 Bxh4 27. gxh4 Nxe5 28. Qxe5 Rd5 29. Qg3 Rxf5 30. Rg1 g6 31. Rac1 Qd5+ 32. Qg2 Rxc1 33. Rxc1 Qxd4 0-1

[Event "IRL-ch"]
[Site "Dublin"]
[Date "2003.07.08"]
[Round "4"]
[White "O'Cinneide, Mel"]
[Black "Brady, Stephen"]
[Result "0-1"]
[WhiteElo "2258"]
[BlackElo "2336"]
[PlyCount "126"]
[EventDate "2003.07.05"]
[EventType "swiss"]
[EventRounds "9"]
[EventCountry "IRL"]
[SourceTitle "CBM 095 Extra"]
[Source "ChessBase"]
[SourceDate "2003.09.04"]
[SourceVersion "1"]
[SourceVersionDate "2003.09.04"]
[SourceQuality "1"]

1. Nf3 Nf6 2. c4 b6 3. g3 c5 4. Bg2 Bb7 5. 0-0 e6 6. Nc3 Be7 7. Re1 Ne4 8. d4 Nxc3 9. bxc3 Be4 10. Bf1 Bxf3 11. exf3 Bf6 12. Be3 0-0 13. Rc1 d6 14. d5 e5 15. f4 Nd7 16. fxe5 Nxe5 17. f4 Ng6 18. h4 Re8 19. h5 Nf8 20. h6 g6 21. a4 Rb8 22. g4 Bh4 23. Re2 Bg3 24. Qd3 Qh4 25. Rg2 Bh2+ 26. Rxh2 Qg3+ 27. Rg2 Qxe3+ 28. Qxe3 Rxe3 29. Kf2 Rbe8 30. g5 f6 31. gxf6 Kf7 32. Rg3 R3e4 33. Rf3 Kxf6 34. a5 bxa5 35. Ra1 Rb8 36. Rxa5 Re7 37. Ra6 Rb6 38. Ra2 a6 39. Bh3 Nd7 40. Be6 Nb8 41. Re3 Rb1 42. Bg8 Rh1 43. Rxe7 Kxe7 44. Kg3 Rxh6 45. Rb2 Nd7 46. Rb7 Kd8 47. Be6 Nf6 48. Ra7 Ne4+ 49. Kf3 Nd2+ 50. Kg4 Rh1 51. Rxa6 Rg1+ 52. Kh4 Nxc4 53. Ra8+ Kc7 54. Ra7+ Kb6 55. Rxh7 Rh1+ 56. Bh3 Nd2 57. Kg3 Rc1 58. Rg7 Rxc3+ 59. Kg2 Rd3 60. Be6 c4 61. Rxg6 c3 62. Rg8 Rd4 63. Rb8+ Ka7 0-1

[Event "Valle d'Aosta op 11th"]
[Site "Saint Vincent"]
[Date "2003.02.14"]
[Round "7"]
[White "O'Cinneide, Mel"]
[Black "Roeder, Mathias"]
[Result "0-1"]
[WhiteElo "2238"]
[BlackElo "2442"]
[PlyCount "64"]
[EventDate "2003.02.08"]
[EventType "swiss"]
[EventRounds "9"]
[EventCountry "ITA"]
[SourceTitle "CBM 092 Extra"]
[Source "ChessBase"]
[SourceDate "2003.03.07"]
[SourceVersion "1"]
[SourceVersionDate "2003.03.07"]
[SourceQuality "1"]

1. d4 Nf6 2. Nf3 e6 3. g3 b5 4. Bg2 d5 5. 0-0 Nbd7 6. b3 Ba6 7. Nbd2 Be7 8. c4 c6 9. Qc2 0-0 10. Re1 c5 11. e4 dxc4 12. bxc4 bxc4 13. dxc5 Nxc5 14. Nxc4 Qd3 15. Ne3 Qxc2 16. Nxc2 Nd3 17. Rd1 Nxe4 18. Be3 Nc3 19. Rd2 Rac8 20. Nfd4 Ne5 21. Nf3 Nc4 22. Rd7 Nxe3 23. Nxe3 Bc5 24. Bf1 Bxf1 25. Kxf1 Bb6 26. a4 a5 27. Ra3 Bxe3 28. fxe3 Rc5 29. Nd4 Rfc8 30. Rb3 Nxa4 31. Rbb7 Rc1+ 32. Ke2 Nc5 0-1

[Event "EU-Cup 18th"]
[Site "Kallithea"]
[Date "2002.09.27"]
[Round "6.1"]
[White "Storland, Knut Harald"]
[Black "O'Cinneide, Mel"]
[Result "0-1"]
[WhiteElo "2273"]
[BlackElo "2251"]
[PlyCount "94"]
[EventDate "2002.09.22"]
[EventType "team-swiss"]
[EventRounds "7"]
[EventCountry "GRE"]
[SourceTitle "CBM 092"]
[Source "ChessBase"]
[SourceDate "2003.02.06"]
[SourceVersion "1"]
[SourceVersionDate "2003.02.06"]
[SourceQuality "1"]
[WhiteTeam "Randaberg"]
[BlackTeam "Dublin"]
[WhiteTeamCountry "NOR"]
[BlackTeamCountry "IRL"]

1. Nf3 Nf6 2. d4 d5 3. c4 dxc4 4. e3 a6 5. Bxc4 e6 6. a4 c5 7. Nc3 Nc6 8. 0-0 Be7 9. dxc5 Qxd1 10. Rxd1 Bxc5 11. Ng5 Ke7 12. Nce4 Nxe4 13. Nxe4 Bb4 14. Bd2 Bd7 15. Bc3 Bxc3 16. Nxc3 Rac8 17. Be2 Na5 18. Rab1 Rhd8 19. f4 Nb3 20. Kf2 Bc6 21. Bd3 Rc7 22. Bc2 Bxa4 23. Rxd8 Kxd8 24. Bxh7 Bc6 25. Rd1+ Rd7 26. Rxd7+ Kxd7 27. Bc2 Na5 28. Bd3 b5 29. g4 Nb3 30. h4 b4 31. Ne2 a5 32. Bc2 Nc5 33. Nd4 a4 34. Nxc6 Kxc6 35. h5 a3 36. bxa3 bxa3 37. Bb1 Kd6 38. g5 Ke7 39. Ke2 Na6 40. e4 Nb4 41. f5 e5 42. f6+ gxf6 43. h6 Kf8 44. gxf6 Kg8 45. Kf3 a2 46. Bxa2 Nxa2 47. Kg4 Nb4 0-1

[Event "EU-Cup 18th"]
[Site "Kallithea"]
[Date "2002.09.24"]
[Round "3.1"]
[White "Berndt, Stephan"]
[Black "O'Cinneide, Mel"]
[Result "1-0"]
[WhiteElo "2482"]
[BlackElo "2251"]
[PlyCount "55"]
[EventDate "2002.09.22"]
[EventType "team-swiss"]
[EventRounds "7"]
[EventCountry "GRE"]
[SourceTitle "CBM 092"]
[Source "ChessBase"]
[SourceDate "2003.02.06"]
[SourceVersion "1"]
[SourceVersionDate "2003.02.06"]
[SourceQuality "1"]
[WhiteTeam "Berlin SF"]
[BlackTeam "Dublin"]
[WhiteTeamCountry "GER"]
[BlackTeamCountry "IRL"]

1. e4 e6 2. d4 d5 3. Nc3 Nf6 4. e5 Nfd7 5. f4 c5 6. Nf3 Nc6 7. Be3 cxd4 8. Nxd4 Bc5 9. Qd2 0-0 10. 0-0-0 a6 11. Kb1 Nxd4 12. Bxd4 b5 13. Qe3 Qc7 14. Bd3 b4 15. Qh3 g6 16. Ne2 a5 17. Qe3 Ba6 18. h4 Rfc8 19. h5 Bxd3 20. cxd3 Qb6 21. g4 Bxd4 22. Nxd4 b3 23. a3 Rc2 24. f5 Rac8 25. f6 Nc5 26. Rd2 Rxd2 27. Qxd2 Qd8 28. hxg6 1-0

[Event "IRL-ch"]
[Site "Greystones"]
[Date "2002.07.11"]
[Round "6"]
[White "O'Cinneide, Mel"]
[Black "Joyce, John"]
[Result "1-0"]
[WhiteElo "2251"]
[BlackElo "2221"]
[PlyCount "49"]
[EventDate "2002.07.06"]
[EventType "swiss"]
[EventRounds "9"]
[EventCountry "IRL"]
[SourceTitle "EXT 2006"]
[Source "ChessBase"]
[SourceDate "2005.11.24"]
[SourceVersion "1"]
[SourceVersionDate "2005.11.24"]
[SourceQuality "1"]

1. c4 f5 2. g3 Nf6 3. Bg2 e6 4. Nc3 Be7 5. d4 0-0 6. Nf3 d6 7. 0-0 a5 8. Qc2 Nc6 9. e4 Nxe4 10. Nxe4 Nb4 11. Qe2 fxe4 12. Qxe4 e5 13. dxe5 Bf5 14. Qxb7 Rb8 15. Qa7 Nc2 16. Nd4 Nxa1 17. Nc6 Qe8 18. Qxc7 Bd3 19. Rd1 Qh5 20. Nxe7+ Kh8 21. Rxd3 Qe2 22. Nf5 Qxe5 23. Rd5 Qf6 24. Qxd6 Qf7 25. b3 1-0

[Event "IRL-ch"]
[Site "Greystones"]
[Date "2002.07.08"]
[Round "3"]
[White "Jeffares, Simon"]
[Black "O'Cinneide, Mel"]
[Result "0-1"]
[WhiteElo "2039"]
[BlackElo "2251"]
[PlyCount "100"]
[EventDate "2002.07.06"]
[EventType "swiss"]
[EventRounds "9"]
[EventCountry "IRL"]
[SourceTitle "EXT 2006"]
[Source "ChessBase"]
[SourceDate "2005.11.24"]
[SourceVersion "1"]
[SourceVersionDate "2005.11.24"]
[SourceQuality "1"]

1. e4 e6 2. d4 d5 3. Nd2 Nf6 4. Bd3 c5 5. e5 Nfd7 6. c3 Nc6 7. Ne2 cxd4 8. cxd4 f6 9. exf6 Nxf6 10. 0-0 Bd6 11. Nf3 Qc7 12. g3 0-0 13. Bf4 Ng4 14. Bxd6 Qxd6 15. Nc3 e5 16. dxe5 Qh6 17. h4 Ngxe5 18. Nxe5 Nxe5 19. Be2 Be6 20. Nb5 Kh8 21. Nc7 Rad8 22. Nxe6 Qxe6 23. Qd4 Nc6 24. Qd2 Qf6 25. f4 Rfe8 26. Bf3 Nd4 27. Kh2 Rc8 28. Rac1 Rxc1 29. Qxc1 Nxf3+ 30. Rxf3 Re2+ 31. Kg1 Qe6 32. Qc5 h6 33. Rf2 Re1+ 34. Kh2 Qe4 35. Qf8+ Kh7 36. Rg2 Qb1 37. Kh3 Rh1+ 38. Rh2 Rxh2+ 39. Kxh2 Qxb2+ 40. Kh3 Qb1 41. Qf7 d4 42. Qd5 Qf1+ 43. Kg4 Qe2+ 44. Kh3 d3 45. Qf5+ Kg8 46. Qc8+ Kf7 47. Qd7+ Kf6 48. Qxb7 d2 49. Qb2+ Kf7 50. Qb7+ Qe7 0-1

[Event "IRL-ch"]
[Site "Greystones"]
[Date "2002.07.07"]
[Round "2"]
[White "O'Cinneide, Mel"]
[Black "Fox, Anthony"]
[Result "1-0"]
[WhiteElo "2251"]
[BlackElo "2142"]
[PlyCount "156"]
[EventDate "2002.07.06"]
[EventType "swiss"]
[EventRounds "9"]
[EventCountry "IRL"]
[SourceTitle "EXT 2006"]
[Source "ChessBase"]
[SourceDate "2005.11.24"]
[SourceVersion "1"]
[SourceVersionDate "2005.11.24"]
[SourceQuality "1"]

1. c4 e6 2. Nc3 d5 3. d4 Nf6 4. Bg5 Be7 5. e3 0-0 6. Nf3 h6 7. Bh4 b6 8. Rc1 Bb7 9. Bxf6 Bxf6 10. cxd5 exd5 11. Bd3 Re8 12. 0-0 c5 13. Bb5 Re7 14. dxc5 bxc5 15. Na4 Na6 16. Nxc5 Nxc5 17. Rxc5 Bxb2 18. Qb3 Qb6 19. Rc2 Bf6 20. Rd1 Rd8 21. Rcd2 Rc8 22. Nd4 g6 23. g3 Rec7 24. Be2 Qxb3 25. Nxb3 Rc2 26. Bf3 Kg7 27. h4 R8c7 28. Kg2 h5 29. Rb1 Rxd2 30. Nxd2 a5 31. Rb5 Bc3 32. Nb3 a4 33. Nd4 Rd7 34. a3 Rc7 35. Ne2 Ba6 36. Nxc3 Rxc3 37. Ra5 Bc4 38. Rxa4 Bb3 39. Ra5 Rd3 40. Rb5 Kf6 41. Rc5 Ke6 42. Be2 Rd2 43. Bf3 Ra2 44. Ra5 Bc4 45. g4 hxg4 46. Bxg4+ Ke5 47. Kg3 Ra1 48. Bf3 Kd6 49. Ra7 Ke6 50. Bg4+ f5 51. Bf3 Rg1+ 52. Kh2 Rf1 53. Kg2 Ra1 54. a4 Kf6 55. Kg3 Rg1+ 56. Kf4 Rf1 57. Kg3 Rg1+ 58. Kh2 Rf1 59. Kg2 Ra1 60. Ra8 Ke5 61. Kg3 Rg1+ 62. Kh2 Rf1 63. Kg2 Ra1 64. a5 Kf6 65. h5 gxh5 66. Bxh5 Kg5 67. Bf3 Kf6 68. Kg3 Ke5 69. Bg2 Ra3 70. Re8+ Kf6 71. Kf4 Rxa5 72. Rf8+ Ke6 73. Rxf5 Ra4 74. Kg5 Ra1 75. Bh3 Rg1+ 76. Bg4 Be2 77. f3 Bd3 78. Rf6+ Ke7 1-0